000
00439nam a2200133Ia 4500
008
151001s9999||||xx |||||||||||||| ||und||
100
_a
मीना सोनी
245
_a
प्रेमचंद और फकीर मोहन के उपन्यासों मे समाज के बदलते रूप
250
_a
1
260
_b
पंकज बुक्स
260
_c
2010
300
_a
182
365
_b
21
999
_c
999262
_d
999259